Diseño de sistema de abastecimiento de agua potable MABE para el barrio Las Piedrecitas - sector 2 en el municipio de Matagalpa, departamento de Matagalpa
El presente trabajo describe en forma detallada el procedimiento a través del cual se desarrolló la propuesta de diseño de un mini acueducto por bombeo eléctrico para el Barrio Las Piedrecitas - sector 2, municipio de Matagalpa, departamento de Matagalpa, para un periodo de 20 años; con el prop...
| Main Authors: | , |
|---|---|
| Other Authors: | |
| Format: | Tesis Section = Libro |
| Language: | Undetermined Spanish |
| Published: |
Managua
UNI/RUACS
2021
|
| Subjects: |
| LEADER | 01377nam a2200277Ia 4500 | ||
|---|---|---|---|
| 008 | 240830s9999 xx 000 0 und d | ||
| 040 | |a BIBLIOTECA-RUPAP Mon 628.1 G948 | ||
| 041 | |a spa | ||
| 082 | |a Mon 628.1 G948 | ||
| 100 | 1 | |a Guido Martínez, José Daniel | |
| 100 | 1 | |b Guido Martínez, Marco Antonio | |
| 245 | 1 | 0 | |a Diseño de sistema de abastecimiento de agua potable MABE para el barrio Las Piedrecitas - sector 2 en el municipio de Matagalpa, departamento de Matagalpa |
| 260 | |a Managua |b UNI/RUACS |c 2021 | ||
| 300 | |a 93 p. :il. | ||
| 500 | |a Contiene: Anexos y CD. | ||
| 502 | |a Tesis (Ingeniero Civil) - UNI, 2021. | ||
| 520 | 3 | |a El presente trabajo describe en forma detallada el procedimiento a través del cual se desarrolló la propuesta de diseño de un mini acueducto por bombeo eléctrico para el Barrio Las Piedrecitas - sector 2, municipio de Matagalpa, departamento de Matagalpa, para un periodo de 20 años; con el propósito ayudar a resolver el problema del agua potable que presenta la zona, siendo éste un asentamiento nuevo. | |
| 650 | 7 | |a AGUA POTABLE | |
| 650 | 7 | |b AGUA - ABASTECIMIENTO | |
| 650 | 7 | |c CALIDAD DEL AGUA | |
| 650 | 7 | |d RED DE ABASTECIMIETO DE AGUA - DISEÑO Y CONSTRUCCION | |
| 650 | 7 | |e DOTACION DE AGUA | |
| 700 | 1 | |a Tutor: |b Fajardo González, Ricardo Javier | |
| 942 | |c BK |2 ddc | ||
| 991 | |a TESIS | ||
| 999 | |c 18887 | ||